| 000 | 00662nam a2200205 a 4500 | ||
|---|---|---|---|
| 999 |
_c5680 _d5680 |
||
| 001 | 5680 | ||
| 003 | BD-JhCC | ||
| 005 | 20190617134007.0 | ||
| 008 | 171219s2012 bg |||| |||| 000 0 ben d | ||
| 035 | _a(BD-JhCC) | ||
| 040 |
_aBD-JhCC _dBD-JhCC |
||
| 041 | _aben | ||
| 082 |
_a615.32 _bROY 2009 |
||
| 100 | _aরায়, ড. ক্ষীরোদ | ||
| 245 |
_aপ্রাকৃতিক উপায়ে সুস্থ থাকুন / _cড. ক্ষীরোদ রায় |
||
| 260 |
_aঢাকা: _bআগামী প্রকাশনী; _c২০০৯ |
||
| 300 |
_a120 p.; _c22 cm |
||
| 650 | _aUsing herbal products | ||
| 942 |
_2ddc _cBK _02 |
||